000
00466nam a2200181Ia 4500
008
090123s9999 xx 000 0 und d
082
_b
3667
100
_a
ढसाळ नामदेव
245
_a
गोलपिठा
250
_a
1
260
_c
1974
300
_a
88
600
_a
ढसाळ नामदेव
630
_a
गोलपिठा
700
_a
ढसाळ नामदेव
730
_a
गोलपिठा
942
_c
BOOK
999
_c
41746
_d
41746